Central Library, Doon University
WEBOPAC (ONLINE PUBLIC ACCESS CATALOGUE)

Exil Flucht Migration (Record no. 59592)

MARC details
000 -LEADER
fixed length control field 00521nam a22002057a 4500
005 - DATE & TIME
control field 20250405162503.0
008 - FIXED-LENGTH DATA ELEMENTS--GENERAL INFORMATION
fixed length control field 250329b |||||||| |||| 00| 0 eng d
020 ## - ISBN
International Standard Book Number 9783110770841
Price 3586.00
040 ## - CATALOGING SOURCE
Original cataloging agency Doon University
041 ## - Language
Language German
082 ## - DDC NUMBER
Book Number BAN
Classification number 304.8
100 ## - MAIN ENTRY--PERSONAL NAME
Personal name Bannasch, Bettina
245 ## - TITLE STATEMENT
Title Exil Flucht Migration
260 ## - PUBLICATION, DISTRIBUTION, ETC. (IMPRINT)
Place of publication, distribution, etc Berlin
Name of publisher, distributor, etc De Gruyter
Date of publication, distribution, etc 2022
300 ## - PHYSICAL DESCRIPTION
Pages 301
650 ## - Subject
Subject German Language
700 ## - Added Entry Personal Name
Added Entry Personal Name Bischoff, Doerte
700 ## - Added Entry Personal Name
Added Entry Personal Name Dogramaci, Burcu
942 ## - ADDED ENTRY ELEMENTS (KOHA)
Koha item type Books
100 ## - MAIN ENTRY--PERSONAL NAME
-- 25510
700 ## - Added Entry Personal Name
-- 25511
700 ## - Added Entry Personal Name
-- 25512
952 ## - LOCATION AND ITEM INFORMATION (KOHA)
-- 2025-03-29
Holdings
Withdrawn status Lost status Source of classification or shelving scheme Damaged status Not for loan Location (home branch) Sublocation or collection (holding branch) Date acquired Koha full call number Accession No. Koha date last seen Koha item type
          Doon University Doon University 29.03.2025 304.8 BAN 50478 29.03.2025 Books
Contact : +91-135-2533126 (Library),+91-135-2533105 (Admin Office) , Email : doonlibrary@gmail.com

Powered by Koha